Duck Bob's General Knowledge #2 - Statistics

General Stats
  • This quiz has been taken 22 times
  • The average score is 8 of 20
Answer Stats
Hint Answer % Correct
In total, how many stars and stripes are on the US Flag 63
80%
The greatest American chess Grandmaster Bobby Fischer
75%
The three ships that Columbus sailed with Santa Maria
75%
The three ships that Columbus sailed with Pinta
65%
Which common pattern can be remembered with the mnemonic "Richard of York gave battle in vain" Colors of the Rainbow
60%
The three ships that Columbus sailed with Niña
60%
What is the capital of East Timor Dili
50%
What is this sequence called: 1, 1, 2, 3, 5, 8, 13, 21... Fibonacci Sequence
50%
Southernmost point of land in South America Tierra del Fuego
45%
Maximum amount of electrons in the 3rd electron ring 8
40%
Which taxonomic rank comes between order and family Class
40%
What is the name of the chess move where you capture a pawn that moved up two spaces by moving another pawn behind it En passant
40%
The year of the first Cricket World Cup won by India 1983
25%
Which common card game has a name similar to the profession of four of Jesus' twelve apostles Go fish
20%
What does the Sanskrit-derived word dhanyavad mean? Thank you
20%
Which player won 5 NBA championships in 19 years between 1999-2014 Tim Duncan
20%
A synonym of "regarding" beginning with "A" and paired with "of" apropos
15%
Which movie/book is this: A business owner short on staffing tries to use child labor to run his company Charlie and the Chocolate Factory
15%
What is the sequel to this book? Charlie and the Great Glass Elevator
15%
Which country made €694,500 in 2021 from the .me domain North Macedonia
15%
No matching quizzes found
Score Distribution
Percent of People with Each Score
Percentile by Number Answered
Your Score History
You have not taken this quiz